000 00916nam a2200205Ia 4500
003 OSt
005 20241217122145.0
008 210210b2004 xxu||||| |||| 00| 0 eng d
040 _cAL
041 _aKonkani/Kannada
082 _a891.468 KARD
100 _aKARNATAKA KONKANI SAHITYA AKADAMI.
_dಕರ್ನಾಟಕ ಕೊಂಕಣಿ ಸಾಹಿತ್ಯ ಅಕಾಡೆಮಿ
_9191395
245 _aDashaman utsavache pustak: 4 konknnenth llhana bhurgyanchem sahit
_bದಶಮಾನ್ ಉತ್ಸವಾಚೆ ಪುಸ್ತಕ್: 4 ಕೊಂಕ್ಣೆಂತ್ ಲ್ಹಾನಾ೦ ಭುರ್ಗ್ಯಾಂಚೆ ಸಾಹಿತ್
260 _aManglur.
_bKarnataka Konkani Sahitya Akademy.
_c2004
300 _a18
690 _aKonkani Miscellaneous
_9191396
700 _aPraveen Fernandes
_dಪ್ರವೀಣ್ ಫೆರ್ನಾಂಡಿಸ್
_9191397
906 _a058945
942 _2ddc
_cBK
999 _c106077
_d106077